[Event "AUTO-OPEN-1967"]
[Site "http://www.queenalice.com/game.php?id=838539"]
[Date "2010.9.27"]
[Round "2"]
[White "jraimundo"]
[Black "Kalessin"]
[Result "1-0"]
[WhiteElo "2378"]
[BlackElo "1856"]

1. e4 c6 2. d4 d5 3. Nc3 g6 4. h3 Bg7 5. Nf3 Nh6 6. Bd3 O-O 7. O-O Nd7 8. exd5
cxd5 9. Nxd5 Nb6 10. Nxb6 Qxb6 11. c3 Nf5 12. Re1 1-0

[Event "AUTO-OPEN-1967"]
[Site "http://www.queenalice.com/game.php?id=838540"]
[Date "2010.9.27"]
[Round "2"]
[White "Kalessin"]
[Black "jraimundo"]
[Result "0-1"]
[WhiteElo "1854"]
[BlackElo "2379"]

1. e4 d6 2. d4 Nf6 3. Nc3 g6 4. f4 Bg7 5. Bc4 Nxe4 6. Bxf7+ Kxf7 7. Nxe4 Rf8 8.
c3 d5 9. Ng5+ Kg8 10. Qe2 Qd6 11. g3 Nc6 12. Bd2 Na5 0-1

[Event "QA-ANNIV-05"]
[Site "http://www.queenalice.com/game.php?id=841326"]
[Date "2010.10.3"]
[Round "6"]
[White "Bernhardur"]
[Black "jraimundo"]
[Result "1-0"]
[WhiteElo "2320"]
[BlackElo "2369"]

1. d4 d6 2. e4 Nf6 3. Nc3 g6 4. Bg5 Bg7 5. Qd2 c6 6. f4 O-O 7. Nf3 d5 8. Bxf6
exf6 9. exd5 Re8+ 10. Be2 cxd5 11. O-O-O Nc6 12. Rhe1 Be6 13. Kb1 a6 14. Na4 Qc7
15. Nh4 g5 16. Nf3 g4 17. Nh4 f5 18. c3 Bf6 19. g3 b6 20. Bd3 Bxh4 21. gxh4 Ne7
22. h3 Bd7 23. Bc2 h5 24. hxg4 hxg4 25. h5 Qd6 26. Qh2 Kf8 27. Re5 Qh6 28. Qh4
Rad8 29. Qh1 Bb5 30. Qh2 Qc6 31. Rde1 Ng8 32. Qh4 Rb8 33. c4 Bxc4 34. Nc3 b5 35.
Bxf5 b4 36. Ne2 Nh6 37. Bxg4 b3 38. a3 f6 39. Bd7 Qxd7 40. Qxf6+ Nf7 41. Rg1
Rxe5 42. dxe5 Bd3+ 43. Ka1 Qf5 44. Qg7+ Ke7 45. Nd4 Qxf4 46. Nc6+ Ke6 47. Nxb8
Nxe5 48. Re1 Be4 49. Nxa6 Nd7 50. h6 Kd6 51. Nb4 1-0

[Event "AUTO-OPEN-1982"]
[Site "http://www.queenalice.com/game.php?id=859023"]
[Date "2010.11.15"]
[Round "2"]
[White "jraimundo"]
[Black "daky62"]
[Result "0-1"]
[WhiteElo "2387"]
[BlackElo "2151"]

1. e4 e5 2. Nf3 Nf6 3. Nxe5 d6 4. Nf3 Nxe4 5. d4 d5 6. Bd3 Be7 7. Nbd2 Nxd2 8.
Bxd2 O-O 9. c3 c5 10. dxc5 Bxc5 11. O-O h6 12. Qb3 b6 13. Bf4 Bg4 14. Ne5 Be6
15. Rae1 Nd7 16. Nc6 Qf6 17. Bg3 d4 18. Qa4 dxc3 19. b4 Be7 20. Nxe7+ Qxe7 21.
a3 Qd8 22. Rd1 a5 23. Rfe1 Re8 24. Qc2 axb4 25. axb4 Qf6 26. Be4 Ra2 27. Bh7+
Kh8 28. Qb1 Rb2 29. Qd3 g6 30. Bxg6 fxg6 31. Rc1 Kg7 32. Rxc3 Bf5 0-1

[Event "AUTO-OPEN-1982"]
[Site "http://www.queenalice.com/game.php?id=859024"]
[Date "2010.11.15"]
[Round "2"]
[White "daky62"]
[Black "jraimundo"]
[Result "0-1"]
[WhiteElo "2153"]
[BlackElo "2382"]

1. e4 c6 2. Nf3 d5 3. exd5 cxd5 4. d4 Nc6 5. Be2 Bf5 6. O-O e6 7. h3 Bd6 8. b3
Nf6 9. c4 dxc4 10. bxc4 O-O 11. Nc3 Qa5 12. Bd2 Bb4 13. Nb5 Bxd2 14. Qxd2 Qxd2
15. Nxd2 Rac8 16. Bf3 Rfd8 17. Nb3 Bd3 18. Rac1 Bxf1 19. Kxf1 a6 20. Bxc6 Rxc6
21. Na5 axb5 22. Nxc6 bxc6 23. cxb5 cxb5 0-1

[Event "AUTO-OPEN-1967"]
[Site "http://www.queenalice.com/game.php?id=868938"]
[Date "2010.12.7"]
[Round "3"]
[White "Skartarys"]
[Black "jraimundo"]
[Result "0-1"]
[WhiteElo "2092"]
[BlackElo "2370"]

1. d4 d6 2. e4 Nf6 3. Nc3 g6 4. Bg5 Bg7 5. e5 dxe5 6. dxe5 Nfd7 7. f4 Nc6 8. Bc4
O-O 9. Nge2 h6 10. Bh4 g5 11. fxg5 Ndxe5 12. Qxd8 Rxd8 13. gxh6 Bxh6 14. Bb3
Bd2+ 15. Kf1 Ng4 16. Bf2 Nxf2 17. Kxf2 Na5 18. Rhd1 Nxb3 19. cxb3 Bf5 20. Nb5
Bc2 21. Rh1 c5 22. h4 Bh7 23. Rh3 e6 24. Na3 Bh6 25. Nc4 b5 26. Ne5 Bg7 27. Rg3
Kf8 0-1

[Event "AUTO-OPEN-1967"]
[Site "http://www.queenalice.com/game.php?id=868939"]
[Date "2010.12.7"]
[Round "3"]
[White "jraimundo"]
[Black "Skartarys"]
[Result "1-0"]
[WhiteElo "2374"]
[BlackElo "2087"]

1. e4 e5 2. Nf3 Nc6 3. Bc4 Nf6 4. d3 Be7 5. O-O O-O 6. Nc3 d6 7. Be3 Bg4 8. h3
Bh5 9. g4 Bg6 10. Nh4 Kh8 11. f4 exf4 12. Nxg6+ fxg6 13. Rxf4 Ne5 14. Be6 c6 15.
d4 Ned7 16. g5 Nh5 17. Rg4 Nb6 18. Qe2 d5 19. exd5 Nxd5 20. Nxd5 cxd5 21. Qb5
Qc7 22. Bxd5 Nf4 23. Rxf4 Rxf4 24. Qxb7 Rg4+ 25. hxg4 Qg3+ 26. Kf1 Rf8+ 27. Ke2
Bxg5 28. Bg1 1-0

[Event "AUTO-OPEN-1967"]
[Site "http://www.queenalice.com/game.php?id=868940"]
[Date "2010.12.7"]
[Round "3"]
[White "msbasso01"]
[Black "jraimundo"]
[Result "0-1"]
[WhiteElo "1921"]
[BlackElo "2381"]

1. e4 d6 2. d4 Nf6 3. Nc3 g6 4. Bg5 Bg7 5. Nf3 O-O 6. Bc4 Nxe4 7. Nxe4 d5 8.
Bxd5 Qxd5 9. Nc3 Qe6+ 10. Qe2 Qxe2+ 11. Nxe2 Nc6 12. c3 Bg4 13. Nd2 f6 14. Be3
Rad8 15. f3 Bf5 16. Ng3 Bd3 17. O-O-O e5 18. dxe5 Nxe5 19. Nb3 Rfe8 20. Rhe1 b6
21. Rd2 Nc4 0-1

[Event "Challenge"]
[Site "http://www.queenalice.com/game.php?id=894972"]
[Date "2011.2.2"]
[Round "-"]
[White "jraimundo"]
[Black "augustoluizheck"]
[Result "1-0"]
[WhiteElo "2377"]
[BlackElo "1520"]

1. e4 e6 2. d3 Nc6 3. Nf3 b6 4. Nc3 Bb4 5. a3 Bxc3+ 6. bxc3 Bb7 7. d4 d5 8. e5
Qd7 9. Be2 O-O-O 10. O-O f6 11. Bf4 Nge7 12. Qd2 g5 13. Bg3 g4 14. exf6 gxf3 15.
fxe7 Nxe7 16. Bxf3 Nf5 17. Be5 Rhg8 18. Qe2 Rdf8 19. a4 Nh4 20. Bg4 Rg6 21. g3
h6 22. a5 Qh7 23. axb6 cxb6 24. Rxa7 h5 25. Rfa1 hxg4 26. Ra8+ Bxa8 27. Rxa8+
Kb7 28. Qa6+ Kc6 29. Qa4+ Kb7 30. Ra7+ 1-0

[Event "AUTO-OPEN-1982"]
[Site "http://www.queenalice.com/game.php?id=905580"]
[Date "2011.2.25"]
[Round "3"]
[White "pedrolopez"]
[Black "jraimundo"]
[Result "1-0"]
[WhiteElo "2436"]
[BlackElo "2380"]

1. e4 d6 2. d4 Nf6 3. Nc3 g6 4. Be3 c6 5. Qd2 Nbd7 6. Nf3 Ng4 7. Bg5 h6 8. Bh4
g5 9. Bg3 Bg7 10. h4 gxh4 11. Nxh4 Nb6 12. O-O-O Nf6 13. Be2 Be6 14. Qf4 Qd7 15.
d5 Bg4 16. Bxg4 Qxg4 17. Nf5 Rg8 18. Qe3 cxd5 19. f3 Qg6 20. Bh4 dxe4 21. g4 Kf8
22. Qd4 d5 23. Qb4 1-0

[Event "AUTO-OPEN-1982"]
[Site "http://www.queenalice.com/game.php?id=905581"]
[Date "2011.2.25"]
[Round "3"]
[White "jraimundo"]
[Black "pedrolopez"]
[Result "1/2-1/2"]
[WhiteElo "2378"]
[BlackElo "2457"]

1. e4 e6 2. d4 d5 3. Nc3 Bb4 4. e5 b6 5. Nf3 Ne7 6. Bd3 Ba6 7. O-O Bxd3 8. Qxd3
Bxc3 9. Qxc3 O-O 10. Be3 Nbc6 11. b4 Qd7 12. a4 Nf5 13. Bd2 h5 1/2-1/2

[Event "AUTO-OPEN-1982"]
[Site "http://www.queenalice.com/game.php?id=905584"]
[Date "2011.2.25"]
[Round "3"]
[White "jraimundo"]
[Black "daky62"]
[Result "0-1"]
[WhiteElo "2321"]
[BlackElo "2239"]

1. e4 e5 2. Nf3 Nf6 3. Nxe5 d6 4. Nxf7 Kxf7 5. d4 Be6 6. d5 Bd7 7. Nc3 Qe8 8.
Bd3 Be7 9. O-O Rf8 10. Qe2 Kg8 11. f3 a6 12. Be3 b5 13. a4 bxa4 14. g4 Bd8 15.
g5 Nh5 16. f4 Be7 17. f5 Bd8 18. Qd2 a5 19. Be2 g6 20. Bxh5 gxh5 21. f6 Na6 22.
Qe2 Qg6 23. Kh1 h6 24. h4 hxg5 25. hxg5 Rf7 26. Rf2 Nb4 27. Bf4 Bg4 28. Qe3 Rf8
29. Rxa4 h4 30. Ra1 Bxf6 31. gxf6 Rxf6 32. Rg1 Raf8 33. e5 dxe5 34. Qxe5 Kh7 35.
Qxc7+ R6f7 36. Qe5 Rg7 0-1

[Event "AUTO-OPEN-1982"]
[Site "http://www.queenalice.com/game.php?id=905585"]
[Date "2011.2.25"]
[Round "3"]
[White "daky62"]
[Black "jraimundo"]
[Result "1-0"]
[WhiteElo "2253"]
[BlackElo "2307"]

1. e4 d6 2. Nf3 Nf6 3. Nc3 c5 4. d4 cxd4 5. Nxd4 g6 6. Bc4 Qc7 7. Qd3 Nbd7 8.
Ndb5 Qb8 9. Nd5 Nxd5 10. Qxd5 Ne5 11. Be2 Be6 12. Qd1 Bg7 13. O-O O-O 14. Bg5
Nc6 15. c3 h6 16. Be3 f5 17. exf5 Bxf5 18. Qb3+ Kh7 19. Nd4 Nxd4 20. cxd4 Qc7
21. Rac1 Qd7 22. Bb5 Qd8 23. Bc4 Qb6 24. Qxb6 axb6 25. a3 e6 26. h3 h5 27. Rc3
Rac8 28. Rfc1 Bf6 29. Be2 Rxc3 30. Rxc3 Rf7 31. Bf3 Bb1 32. Rc1 Bf5 33. g4 hxg4
34. hxg4 Bd3 35. Rc3 Bb1 36. Kg2 d5 37. g5 1-0

[Event "Challenge"]
[Site "http://www.queenalice.com/game.php?id=918272"]
[Date "2011.3.27"]
[Round "-"]
[White "jraimundo"]
[Black "Diemerlin"]
[Result "1/2-1/2"]
[WhiteElo "2361"]
[BlackElo "2188"]

1. e4 e5 2. Nf3 Nc6 3. d4 exd4 4. Bc4 Bc5 5. c3 Nf6 6. cxd4 Bb4+ 7. Bd2 Bxd2+ 8.
Nbxd2 d5 9. exd5 Nxd5 10. Qb3 Na5 11. Qa4+ Nc6 12. Bb5 Bd7 13. Qb3 Qe7+ 14. Kf1
Be6 15. Ne5 O-O 16. Bxc6 bxc6 17. Nxc6 Qd6 18. Rc1 Nf4 19. Qe3 Nd5 20. Qf3 Rfe8
21. Ne4 Qf4 22. Qxf4 Nxf4 23. Nc3 a5 1/2-1/2

[Event "QA-ANNIV-05"]
[Site "http://www.queenalice.com/game.php?id=921183"]
[Date "2011.4.3"]
[Round "8"]
[White "gardez2005"]
[Black "jraimundo"]
[Result "1/2-1/2"]
[WhiteElo "2058"]
[BlackElo "2370"]

1. d4 Nf6 2. c4 g6 3. Nc3 Bg7 4. e4 d6 5. Nf3 O-O 6. Be2 e5 7. O-O exd4 8. Nxd4
Re8 9. f3 Nc6 10. Be3 Nd7 11. Qd2 Nxd4 12. Bxd4 Ne5 13. Rad1 Be6 14. f4 Nxc4 15.
Bxc4 Bxc4 16. Bxg7 Bxf1 17. Bh6 Ba6 18. Qd4 f6 19. Qd5+ Kh8 20. Qf7 Rg8 21. Nd5
Bc4 22. Rd3 Qf8 23. Bxf8 Raxf8 24. Qxc7 Bxd3 25. Qxd6 Rf7 26. Nxf6 Rc8 27. Qe6
Rc1+ 28. Kf2 Bc4 29. Qc8+ Kg7 30. Ne8+ Kg8 31. Nf6+ 1/2-1/2

[Event "Tô de Volta !!!"]
[Site "http://www.queenalice.com/game.php?id=939743"]
[Date "2011.5.18"]
[Round "-"]
[White "RJGF"]
[Black "jraimundo"]
[Result "0-1"]
[WhiteElo "1803"]
[BlackElo "2356"]

1. d4 Nf6 2. c4 g6 3. Nc3 Bg7 4. e4 d6 5. Nf3 O-O 6. Bd3 Bg4 7. O-O Nc6 8. Be3
e5 9. dxe5 Nxe5 10. Nd5 Nxd5 11. exd5 Bxf3 12. gxf3 Qh4 13. Kh1 Nxd3 14. Qxd3
Be5 15. f4 Bxf4 16. Bxf4 Qxf4 17. Rac1 Rfe8 18. Rc2 Re4 19. Qg3 Qf6 20. f4 Rae8
21. f5 Re2 22. Rxe2 Rxe2 23. Qh3 Qxb2 24. f6 h5 25. a4 Qc2 26. Kg1 Qxc4 27. Qc8+
Kh7 28. Qh3 Qxa4 29. Qc3 Rc2 30. Qe3 Qg4+ 31. Kh1 Qg2# 0-1

[Event "QA-ANNIV-05"]
[Site "http://www.queenalice.com/game.php?id=953523"]
[Date "2011.6.24"]
[Round "9"]
[White "jraimundo"]
[Black "Arthur0007"]
[Result "1-0"]
[WhiteElo "2357"]
[BlackElo "2041"]

1. e4 e5 2. Nf3 Nc6 3. Bc4 Bc5 4. c3 Nf6 5. d3 d6 6. O-O O-O 7. b4 Bb6 8. a4 a5
9. b5 Na7 10. Nbd2 h6 11. d4 Re8 12. Qb3 Be6 13. Bxe6 Rxe6 14. Re1 Nh7 15. Nc4
exd4 16. Nxb6 cxb6 17. Nxd4 Rg6 18. Bf4 Ng5 19. Bg3 Nc8 20. Rad1 Ne7 21. f4 Ne6
22. Nxe6 fxe6 23. f5 Rxg3 24. Qxe6+ 1-0

[Event "Challenge"]
[Site "http://www.queenalice.com/game.php?id=957687"]
[Date "2011.7.7"]
[Round "-"]
[White "RJGF"]
[Black "jraimundo"]
[Result "0-1"]
[WhiteElo "1818"]
[BlackElo "2360"]

1. d4 Nf6 2. c4 g6 3. Nc3 Bg7 4. Nf3 O-O 5. e4 d6 6. Bg5 c5 7. e5 cxd4 8. exf6
exf6 9. Bxf6 Bxf6 10. Nxd4 Nc6 11. Nxc6 bxc6 12. Qd2 Rb8 13. Rd1 Qa5 14. Rc1
Re8+ 15. Be2 Bg4 16. f3 Bg5 17. f4 Bh4+ 18. g3 Bf6 19. h3 Bxc3 20. bxc3 Rxe2+
21. Qxe2 Bxe2 22. Kxe2 Qxa2+ 23. Kd1 Rb1 0-1

[Event "Challenge"]
[Site "http://www.queenalice.com/game.php?id=968233"]
[Date "2011.8.2"]
[Round "-"]
[White "RJGF"]
[Black "jraimundo"]
[Result "0-1"]
[WhiteElo "1835"]
[BlackElo "2361"]

1. d4 Nf6 2. c4 g6 3. Nc3 Bg7 4. Nf3 O-O 5. e4 d6 6. Bd3 Nc6 7. O-O e5 8. dxe5
Nxe5 9. Nxe5 dxe5 10. Be2 c6 11. Bg5 h6 12. Qxd8 Rxd8 13. Bxf6 Bxf6 14. Rfd1 Be6
15. b3 Rd4 16. Rxd4 exd4 17. Na4 d3 18. Bxd3 Bxa1 19. Nc5 Rd8 20. Be2 Rd2 21.
Bf3 Bd4 22. Nxe6 fxe6 23. Bg4 Kf7 24. g3 Rxf2 0-1

[Event "Amistoso"]
[Site "http://www.queenalice.com/game.php?id=980406"]
[Date "2011.9.2"]
[Round "-"]
[White "Warley"]
[Black "jraimundo"]
[Result "1/2-1/2"]
[WhiteElo "2058"]
[BlackElo "2362"]

1. d4 Nf6 2. c4 g6 3. Nc3 Bg7 4. e4 d6 5. f3 O-O 6. Be3 Nc6 7. Qd2 b6 8. Nge2
Ba6 9. Ng3 h5 10. h4 Na5 11. b3 e5 12. dxe5 dxe5 13. Qxd8 Raxd8 14. Be2 Nc6 15.
Nd5 Nd4 16. O-O-O Nxd5 17. exd5 f5 18. Bxd4 exd4 19. Bd3 Rfe8 20. Ne2 Bb7 21.
Kc2 c6 22. dxc6 Bxc6 23. Nf4 Kh7 24. Rhe1 Be5 25. Ne2 Bf6 26. Rh1 Bb7 27. Nf4
1/2-1/2

[Event "Amistoso"]
[Site "http://www.queenalice.com/game.php?id=980407"]
[Date "2011.9.2"]
[Round "-"]
[White "jraimundo"]
[Black "Warley"]
[Result "0-1"]
[WhiteElo "2353"]
[BlackElo "2070"]

1. e4 d6 2. d4 Nf6 3. f3 g6 4. Bd3 Bg7 5. Ne2 O-O 6. O-O e5 7. c3 Nbd7 8. Be3
Re8 9. a4 a5 10. Qb3 Qe7 11. Nd2 b6 12. Bb5 Ba6 13. Bxa6 Rxa6 14. Qc4 Ra7 15. d5
Nb8 16. b4 Qd7 17. Qb3 axb4 18. cxb4 Rb7 19. b5 Qc8 20. Nc4 Nbd7 21. a5 Nh5 22.
a6 Ra7 23. Na5 Nb8 24. Rac1 Nxa6 25. Nb7 Qxb7 26. bxa6 Rxa6 27. Nc3 Nf6 0-1

[Event "QA-ANNIV-05"]
[Site "http://www.queenalice.com/game.php?id=983069"]
[Date "2011.9.9"]
[Round "10"]
[White "Matrick"]
[Black "jraimundo"]
[Result "1-0"]
[WhiteElo "2328"]
[BlackElo "2333"]

1. e4 c6 2. d4 d5 3. e5 Bf5 4. Nf3 e6 5. Be2 c5 6. Be3 Qb6 7. b3 Nc6 8. O-O Nh6
9. c3 Bg6 10. Re1 Ng4 11. Bf4 cxd4 12. cxd4 Bb4 13. Bd2 O-O 14. h3 Nh6 15. Bxb4
Nxb4 16. Na3 Qa5 17. Qc1 Rac8 18. Qb2 Nc2 19. Nxc2 Rxc2 20. b4 Rxb2 21. bxa5 Be4
22. Ng5 Bc2 23. g4 Rc8 24. Rec1 Rc3 25. a4 g6 26. Bd1 Kg7 27. f4 Ng8 28. Nf3 Rd3
29. Rxc2 Rxc2 30. Bxc2 Rxf3 31. Rb1 Rxf4 32. Rxb7 a6 33. Ra7 Rxd4 34. Rxa6 Rc4
35. Bb3 Rc7 36. Rb6 Ne7 37. a6 Nc6 38. Rb7 Rc8 39. a7 Nxe5 40. Rb8 1-0